Statistics for English Words of Hebrew Origin

Click here to take the quiz!

General Stats

  • This quiz has been taken 56 times
  • The average score is 5 of 8

Answer Stats

DefinitionWord% Correct
Food (or premises in which food is sold, cooked, or eaten) satisfying the requirements of Jewish lawKosher
92%
Jewish scholar or teacher, especially one who studies or teaches Jewish lawRabbi
86%
Leader regarded as the saviour of a particular country, group, or causeMessiah
74%
Clay figure brought to life by magicGolem
60%
Ancient Jewish tradition of mystical interpretation of the Bible, first transmitted orally and using esoteric methodsKabbalah
46%
Winged angelic being described in biblical tradition as attending on God, represented in ancient Middle Eastern art as a lion or bull with eagles' wings and a human faceCherub
40%
Huge or monstrous creatureBehemoth
36%
Secret political clique or factionCabal
32%

Score Distribution

Percentile by Number Answered

Percent of People with Each Score

Your Score History

You have not taken this quiz